000 00990cad a22002295a 4500
001 L123911
008 031013s2003 xxk 000 0 eng u
020 _a1851126678
035 _a(Sirsi) u123911
041 _aeng
050 _a692.21
_c18
110 _aOffice of the Deputy Prime Minister
_94685
245 0 4 _aThe economic cost of fire
_bestimates for 2000
260 _aLondon
_bODPM
_c2003
300 _a24p.
_c24cm.
350 _a6
520 _aThis publication provides the results of estimating the economic cost of fire to England and Wales in 2000. It provides estimates for the total and average cost of fire, which are of use to all those who are interested in the impact of fire in terms of the economy as a whole.
690 _aMANAGEMENT-HEALTH AND SAFETY-FIRE SAFETY
710 _aFire Safety Advisory Board
_94565
856 4 1 _uhttps://www.communities.gov.uk/documents/fire/pdf/154659.pdf
_zView the item free of charge at www.communities.gov.uk...
942 _n0
999 _c103123
_d103123